Statistics for Identify the Snakes by Picture

Click here to take the quiz!

General Stats

  • This quiz has been taken 2,375 times
    (2,032 since last reset)
  • The average score is 11 of 21

Answer Stats

Answer% Correct
Cobra
95%
Diamondback rattlesnake
90%
Black mamba
80%
Anaconda
75%
Sea snake
73%
Coral snake
69%
Boa constrictor
67%
Kingsnake
54%
{Reticulated} python
51%
{Ball} python
47%
{Burmese} python
47%
{Garter} snake
47%
{Puff} adder
43%
{Death} adder
41%
Coastal {taipan}
39%
Copperhead
39%
Sidewinder
39%
Water moccasin
37%
European {asp}
24%
{Boomslang}
22%
Red-headed {krait}
22%

Score Distribution

Percentile by Number Answered

Percent of People with Each Score

Your Score History

You have not taken this quiz since the last reset